ទំនៀមផ្កាស្លាបី : (Record no. 8776)
[ view plain ]
| 000 -LEADER | |
|---|---|
| fixed length control field | 03743nam a22003017a 4500 |
| 001 - CONTROL NUMBER | |
| control field | 8776 |
| 003 - CONTROL NUMBER IDENTIFIER | |
| control field | FISKH |
| 005 - DATE AND TIME OF LATEST TRANSACTION | |
| control field | 20251020095342.0 |
| 008 - FIXED-LENGTH DATA ELEMENTS--GENERAL INFORMATION | |
| fixed length control field | 251020b cb ||||| |||| 00| 0 eng d |
| 020 ## - INTERNATIONAL STANDARD BOOK NUMBER | |
| International Standard Book Number | 9789996325540 |
| 040 ## - CATALOGING SOURCE | |
| Original cataloging agency | FISKH |
| Language of cataloging | khr |
| Transcribing agency | FISKH |
| Modifying agency | FISKH |
| 050 ## - LIBRARY OF CONGRESS CALL NUMBER | |
| Classification number | PZ7 |
| 082 ## - DEWEY DECIMAL CLASSIFICATION NUMBER | |
| Classification number | 398.2 |
| 100 ## - MAIN ENTRY--PERSONAL NAME | |
| Personal name | Rathana, Keo |
| 245 ## - TITLE STATEMENT | |
| Title | ទំនៀមផ្កាស្លាបី : |
| Statement of responsibility, etc. | អ្នករៀបរៀង កែវ រត្ននា |
| Remainder of title | Three betel flowers / |
| 260 ## - PUBLICATION, DISTRIBUTION, ETC. | |
| Place of publication, distribution, etc. | Phnom Penh : |
| Name of publisher, distributor, etc. | Book World , |
| Date of publication, distribution, etc. | 2015. |
| 300 ## - PHYSICAL DESCRIPTION | |
| Extent | 27 pages : |
| Other physical details | color illustrator |
| Dimensions | 25 cm . |
| 505 ## - FORMATTED CONTENTS NOTE | |
| Formatted contents note | K <br/> |
| 520 ## - SUMMARY, ETC. | |
| Summary, etc. | មានកុមារកំព្រាបួននាក់បានទៅរៀនយុទ្ធសិល្ប៏ជាមួយនឹងអាចារ្យទិសាបាមោក្ខជាតិព្រាហ្មណ៏រយះពេល៥ឆ្នាំ ។ ក្រោយមក បុរសហោរាក៏បានទស្សន៏ទាយថានឹងមានសត្វឥន្រ្ទីពាំកូនក្រមុំស្តេច ។ បុរសចេះបាញ់ធ្នូរក៏បាញ់សត្វនោះហើយធ្លាក់នាងក្រមុំចូលក្នុងសមុទ្រ ។ បុរសចេះមុជទឹកក៏ចុះទៅសង្គ្រោះ ។ បុរសចេះប្រស់ក៏ប្រស់អោយនាងរស់ឡើងវិញ ។ ដោយសារតែរូបរាងដ៏ល្វតល្វន់របស់នាងក្រមុំធ្វើអោយបុរសទាំង៤ចង់បាននាងមកធ្វើជាប្រពន្ធរៀងៗខ្លួន ។ បុរសទាំង៤មិនសុខចិត្តក៏ទៅប្តឺងព្រះពោធិសត្វទ្រង់ក៏បានកាត់ក្តីអោយបុរសដែលមុជទឹកទៅជួយនាងបានរៀបការជាមួយនាងក្រមុំនោះ ។ បុរស៣នាក់ទៀតក៏បានក្លាយជាបងប្រុស ម្តាយ និង ឪពុក ។ ហើយទ្រង់ក៏បានប្រែក្លាយអ្នកទាំង៣ទៅជាផ្លាស្លាទុកបាយលើគូស្វាមុីភរិយាថ្មីនៅថ្ងៃមង្គលការ ។ |
| 520 ## - SUMMARY, ETC. | |
| Summary, etc. | There were four orphaned young men who went to study martial arts under a teacher named Teasa Barmok, a Brahmin master, for five years. Later, a fortune teller predicted that a mythical bird (Intri) would carry a royal maiden. The man who was skilled in archery shot down the bird, causing the maiden to fall into the sea. The man who could dive went underwater to rescue her. The man who knew healing revived her. Because of the maiden’s beauty, all four men fell in love with her and each wanted to take her as his wife.<br/>Unable to agree, they went to seek judgment from the Bodhisattva.<br/>The Bodhisattva ruled that the man who dove into the sea to rescue her should be the one to marry the maiden.<br/>The other three were given roles as her elder brother, mother, and father.<br/>Then, on the wedding day, the Bodhisattva transformed the three into a pot of rice, a rice ladle, and a food tray — so that they would continue to serve the newlyweds. |
| 521 8# - TARGET AUDIENCE NOTE | |
| Target audience note | 510 <br/> |
| Source | Lexile estimate <br/> |
| 521 8# - TARGET AUDIENCE NOTE | |
| Target audience note | K <br/> |
| Source | Raz-Plus <br/> |
| 650 ## - SUBJECT ADDED ENTRY--TOPICAL TERM | |
| Topical term or geographic name entry element | ទំនៀមផ្កាស្លាបី |
| Form subdivision | រឿងប្រពៃណី |
| 650 ## - SUBJECT ADDED ENTRY--TOPICAL TERM | |
| Topical term or geographic name entry element | Three retel flowers |
| Form subdivision | Khmer folklore |
| 700 ## - ADDED ENTRY--PERSONAL NAME | |
| Personal name | San , Thai |
| 942 ## - ADDED ENTRY ELEMENTS (KOHA) | |
| Source of classification or shelving scheme | Dewey Decimal Classification |
| Koha item type | Khmer Books |
| Suppress in OPAC | No |
| Withdrawn status | Lost status | Source of classification or shelving scheme | Damaged status | Not for loan | Collection | Home library | Current library | Shelving location | Date acquired | Total Checkouts | Full call number | Barcode | Date last seen | Price effective from | Koha item type |
|---|---|---|---|---|---|---|---|---|---|---|---|---|---|---|---|
| Dewey Decimal Classification | Khmer-English Bilingual / ភាសាខ្មែរ-អង់គ្លេស | Footprints International School Library Network Toul Tom Poung Campus | Footprints International School Library Network Toul Tom Poung Campus | TTP Primary Khmer Bookshelves | 10/20/2025 | RAT PZ7 398.2 | FISBK03866 | 10/20/2025 | 10/20/2025 | Khmer Books |
